Statistics for The Standard Model

Click here to take the quiz!

General Stats

  • This quiz has been taken 28 times
  • The average score is 14 of 18

Answer Stats

HintAnswer% Correct
Down
100%
Up
100%
LeptonsElectron
92%
Strange
92%
Charm
88%
EM interactionPhoton
84%
Bottom
80%
QuarksTop
80%
Strong interactionGluon
76%
Muon
76%
Z
72%
Tau
68%
Weak interactionW+
68%
W-
68%
Electron neutrino
64%
Spin-zero bosonHiggs boson
64%
Muon neutrino
64%
Tau neutrino
64%

Score Distribution

Percentile by Number Answered

Percent of People with Each Score

Your Score History

You have not taken this quiz